[Event "X Open A"]
[Site "Pescara ITA"]
[Date "2007.11.18"]
[Round "5"]
[White "Orsini, Daniele"]
[Black "Di Lascio, Savino"]
[Result "1-0"]
[WhiteElo "1961"]
[BlackElo "2004"]
[PlyCount "69"]
[EventDate "2007.11.16"]

1. e4 c6 2. d4 d5 3. exd5 cxd5 4. Bd3 Nc6 5. c3 g6 6. Nf3 Bg7 7. Bf4 Nh6 8. O-O
O-O 9. Re1 f6 10. c4 Bg4 11. cxd5 Bxf3 12. Qxf3 Nxd4 13. Qe3 Nhf5 14. Bxf5 Nxf5
15. Qe6+ Rf7 16. Rd1 Bf8 17. Na3 Ng7 18. Qe2 g5 19. Be3 Nf5 20. Rac1 Nxe3 21.
Qxe3 Bh6 22. Qh3 Kg7 23. Nb5 f5 24. Nc7 g4 25. Qh5 Rf6 26. Ne6+ Rxe6 27. dxe6
Bxc1 28. Rxd8 Rxd8 29. Qf7+ Kh6 30. g3 Bxb2 31. Qxe7 Rd1+ 32. Kg2 Bd4 33. Qb4
b6 34. e7 Bc5 35. Qf4+ 1-0

[Event "X Open A"]
[Site "Pescara ITA"]
[Date "2007.11.18"]
[Round "5"]
[White "Vezzosi, Paolo"]
[Black "Milov, Leonid"]
[Result "1-0"]
[WhiteElo "2323"]
[BlackElo "2492"]
[PlyCount "79"]
[EventDate "2007.11.16"]

1. d4 Nf6 2. Bf4 b6 3. e3 Bb7 4. Nf3 e6 5. Bd3 c5 6. O-O Be7 7. h3 Nc6 8. c3
O-O 9. Nbd2 d5 10. Qe2 Nd7 11. Rfe1 a6 12. Ne5 Ndxe5 13. dxe5 b5 14. Qg4 g6 15.
Nf3 Kg7 16. h4 h5 17. Qg3 Qe8 18. Rad1 Rd8 19. a3 Rd7 20. Bb1 Bd8 21. Rd2 Na5
22. b4 Nc4 23. Ra2 d4 24. exd4 Bxf3 25. gxf3 cxd4 26. Be4 dxc3 27. Bc6 Nb2 28.
Kh2 Be7 29. Rc1 Na4 30. Be3 Qd8 31. Bxd7 Qxd7 32. Qf4 Qd5 33. Raa1 Rd8 34. Rg1
Kg8 35. Rg3 Qc4 36. Qh6 Bf8 37. Qxh5 Bg7 38. Qg5 Rd5 39. f4 c2 40. h5 1-0

[Event "II Weekend Hotel Corallo A"]
[Site "Imperia ITA"]
[Date "2007.11.16"]
[Round "1"]
[White "Colombo, Luca"]
[Black "Annoni, Riccardo"]
[Result "0-1"]
[WhiteElo "1791"]
[BlackElo "2076"]
[PlyCount "52"]
[EventDate "2007.11.16"]

1. e4 c5 2. Nf3 e6 3. d4 cxd4 4. Nxd4 Nf6 5. Nc3 Nc6 6. Be3 Bb4 7. f3 d5 8. Bb5
Bd7 9. O-O O-O 10. exd5 Nxd4 11. Bxd7 Bxc3 12. bxc3 Nf5 13. Bg5 Qxd7 14. dxe6
Qxe6 15. Re1 Qb6+ 16. Kh1 Rad8 17. Qc1 Rfe8 18. Rb1 Qf2 19. Rf1 Qc5 20. Rxb7
Qxc3 21. Rb3 Qc6 22. Qb2 h6 23. Bf4 Qc4 24. Qc1 Re2 25. Be3 Nxe3 26. Rxe3 Rxe3
0-1

[Event "II Weekend Hotel Corallo A"]
[Site "Imperia ITA"]
[Date "2007.11.16"]
[Round "1"]
[White "De Santis, Alessio"]
[Black "Tortorella, Giancarlo"]
[Result "1-0"]
[WhiteElo "2367"]
[BlackElo "1896"]
[PlyCount "47"]
[EventDate "2007.11.16"]

1. d4 Nf6 2. c4 e5 3. dxe5 Ng4 4. e3 Nxe5 5. Nh3 Bb4+ 6. Nc3 Bxc3+ 7. bxc3 O-O
8. f4 Nec6 9. Ng5 Qf6 10. Qc2 g6 11. Be2 Re8 12. O-O d6 13. e4 h6 14. e5 dxe5
15. fxe5 Bf5 16. Bd3 Nxe5 17. Bxf5 hxg5 18. Be4 Qb6+ 19. Kh1 Nbd7 20. Bxg5 Ng4
21. Bd5 Nde5 22. c5 Qxc5 23. Bxf7+ Kh8 24. Bxg6 1-0

[Event "II Weekend Hotel Corallo A"]
[Site "Imperia ITA"]
[Date "2007.11.16"]
[Round "1"]
[White "Garnero, Lorenzo"]
[Black "Stoppa, Omar"]
[Result "0-1"]
[WhiteElo "1871"]
[BlackElo "2240"]
[PlyCount "64"]
[EventDate "2007.11.16"]

1. e4 e5 2. Nf3 Nc6 3. d4 exd4 4. Nxd4 Bc5 5. Be3 Qf6 6. c3 Nge7 7. Be2 O-O 8.
O-O Ng6 9. Nc2 Bb6 10. Nd2 d6 11. Nc4 Re8 12. Nxb6 axb6 13. f3 Be6 14. Na3 Nf4
15. Nb5 Re7 16. Nd4 Qg5 17. Bxf4 Qxf4 18. Nxe6 Rxe6 19. Bc4 Rh6 20. g3 Qe3+ 21.
Kg2 Ne5 22. Be2 Ra5 23. Qc2 b5 24. f4 Nc4 25. Bxc4 bxc4 26. Rfe1 Rah5 27. Rxe3
Rxh2+ 28. Kf3 Rxc2 29. b3 Rhh2 30. bxc4 Rcf2+ 31. Kg4 g6 32. e5 Kg7 0-1

[Event "II Weekend Hotel Corallo A"]
[Site "Imperia ITA"]
[Date "2007.11.16"]
[Round "1"]
[White "Lanzillotta, Daniele"]
[Black "De Florio, Federico"]
[Result "0-1"]
[WhiteElo "1736"]
[BlackElo "2042"]
[PlyCount "76"]
[EventDate "2007.11.16"]

1. d4 d5 2. c4 e6 3. Nc3 Nf6 4. Nf3 Nbd7 5. e3 c6 6. Be2 Bd6 7. O-O O-O 8. b3
Ne4 9. Bb2 f5 10. Nd2 Rf6 11. Ndxe4 fxe4 12. f3 Rh6 13. h3 Qg5 14. f4 Qg3 15.
Qe1 Qxe3+ 16. Qf2 Bxf4 17. Nd1 Qxf2+ 18. Nxf2 Be3 19. Kh1 Nf6 20. Ng4 Nxg4 21.
Bxg4 Rf6 22. Rae1 Bd2 23. Rd1 Rxf1+ 24. Rxf1 Bd7 25. Bh5 g6 26. Bg4 h5 27. Be2
Rf8 28. Rxf8+ Kxf8 29. g4 h4 30. Kg2 Kf7 31. a3 Kf6 32. c5 Kg5 33. Kf2 Kf4 34.
b4 e3+ 35. Kg2 g5 36. Bd3 Be8 37. Ba1 Bg6 38. Be2 Be4+ 0-1

[Event "II Weekend Hotel Corallo A"]
[Site "Imperia ITA"]
[Date "2007.11.16"]
[Round "1"]
[White "Mercandelli, Claudio"]
[Black "Salerno, Luciano"]
[Result "1-0"]
[WhiteElo "2004"]
[BlackElo "1679"]
[PlyCount "31"]
[EventDate "2007.11.16"]

1. Nf3 Nf6 2. c4 e6 3. g3 c5 4. Bg2 d5 5. cxd5 exd5 6. d4 Be6 7. O-O Nbd7 8.
Nc3 Be7 9. h3 O-O 10. Be3 Rc8 11. Rc1 Qa5 12. Qd2 cxd4 13. Nxd4 Bb4 14. Nb3 Qa6
15. Qd4 Nb6 16. Qxb4 1-0

[Event "II Weekend Hotel Corallo A"]
[Site "Imperia ITA"]
[Date "2007.11.16"]
[Round "1"]
[White "Pesce, Gabriele"]
[Black "Pesce, Leandro"]
[Result "1-0"]
[WhiteElo "2035"]
[BlackElo "1715"]
[PlyCount "41"]
[EventDate "2007.11.16"]

1. e4 c5 2. Nc3 Nc6 3. f4 g6 4. Nf3 Bg7 5. Bb5 Nd4 6. a4 a6 7. Bc4 Nc6 8. d3
Nf6 9. O-O O-O 10. Qe1 d6 11. Qh4 Nd4 12. f5 gxf5 13. Bh6 d5 14. Ng5 dxc4 15.
e5 Ne6 16. Bxg7 Nxg5 17. exf6 exf6 18. Qh6 Ne6 19. Bxf6 Qd5 20. Nxd5 Bd7 21.
Ne7# 1-0

[Event "II Weekend Hotel Corallo A"]
[Site "Imperia ITA"]
[Date "2007.11.16"]
[Round "1"]
[White "Roversi, Stefano"]
[Black "Di Paolo, Raffaele"]
[Result "0-1"]
[WhiteElo "1885"]
[BlackElo "2342"]
[PlyCount "96"]
[EventDate "2007.11.16"]

1. e4 c5 2. Nf3 Nc6 3. d4 cxd4 4. Nxd4 Qc7 5. g3 a6 6. Nc3 e6 7. Bg2 Nf6 8. O-O
h5 9. Nxc6 dxc6 10. Bg5 Bc5 11. Qe2 Ng4 12. Rad1 f6 13. Bc1 b5 14. Qf3 Bd7 15.
Ne2 Qa7 16. Nf4 Ne5 17. Qb3 Nc4 18. Bh3 g5 19. Bxe6 Bxe6 20. Nxe6 Qe7 21. Nd4
Rd8 22. Qc3 Bxd4 23. Rxd4 Rxd4 24. Qxd4 O-O 25. Rd1 Re8 26. f3 Ne5 27. Kf2 g4
28. f4 Nf3 29. Qd3 Qxe4 30. Qxe4 Rxe4 31. h3 Kf7 32. hxg4 hxg4 33. Be3 Rc4 34.
c3 b4 35. cxb4 Rc2+ 36. Kf1 Rxb2 37. Rd6 Rb1+ 38. Kf2 Rxb4 39. Rxc6 Rb2+ 40.
Kf1 Rxa2 41. f5 Ra5 42. Rc7+ Ke8 43. Bc5 Nd2+ 44. Ke2 Nb3 45. Re7+ Kd8 46. Bb4
Rxf5 47. Ra7 a5 48. Be7+ Kc8 0-1

[Event "II Weekend Hotel Corallo A"]
[Site "Imperia ITA"]
[Date "2007.11.16"]
[Round "1"]
[White "Ruggeri, Claudio"]
[Black "Ricca, Giorgio"]
[Result "0-1"]
[WhiteElo "1703"]
[BlackElo "2030"]
[PlyCount "74"]
[EventDate "2007.11.16"]

1. d4 d5 2. c4 dxc4 3. Nf3 Nf6 4. e3 e6 5. Bxc4 c5 6. O-O a6 7. Qe2 b5 8. Bb3
Bb7 9. Nc3 Nbd7 10. Rd1 Qb6 11. a4 b4 12. Nb1 Be7 13. Nbd2 O-O 14. Nc4 Qc7 15.
Bd2 Ne4 16. Rac1 a5 17. Bc2 Ndf6 18. h3 Rfd8 19. Be1 Rac8 20. Bb1 Ba6 21. Bd3
h6 22. Nfe5 cxd4 23. Bxe4 Qxe5 24. Bf3 Rxc4 25. Rxc4 dxe3 26. Rxd8+ Bxd8 27. b3
Bxc4 28. Qxc4 Bb6 29. Qc8+ Kh7 30. Qc2+ g6 31. Kf1 Nd5 32. Qe2 Qa1 33. Qd1 Qxd1
34. Bxd1 exf2 35. Bxf2 Bxf2 36. Kxf2 Kg7 37. Bc2 Kf6 0-1

[Event "II Weekend Hotel Corallo A"]
[Site "Imperia ITA"]
[Date "2007.11.16"]
[Round "1"]
[White "Tagliano, Maurizio"]
[Black "Faraci, Antonino"]
[Result "0-1"]
[WhiteElo "1775"]
[BlackElo "2051"]
[PlyCount "62"]
[EventDate "2007.11.16"]

1. e4 c5 2. b4 cxb4 3. d4 d5 4. e5 Bf5 5. Bd3 Bxd3 6. Qxd3 e6 7. Ne2 Nc6 8. O-O
Qd7 9. f4 g6 10. Kh1 h5 11. c4 bxc3 12. Nbxc3 Nh6 13. a4 Nf5 14. Ba3 Bxa3 15.
Rxa3 O-O 16. Na2 Rfc8 17. Rc3 Na5 18. Qb5 Qxb5 19. axb5 Rxc3 20. Naxc3 Nb3 21.
g4 hxg4 22. Rg1 Rc8 23. Rxg4 Nbxd4 24. h4 Nxe2 25. Nxe2 Rc2 26. Ng3 Rc3 27.
Nxf5 exf5 28. Rg2 Kf8 29. Ra2 Rb3 30. h5 gxh5 31. Rh2 Rb1+ 0-1

[Event "II Weekend Hotel Corallo A"]
[Site "Imperia ITA"]
[Date "2007.11.17"]
[Round "2"]
[White "Annoni, Riccardo"]
[Black "Gallitto, Salvatore"]
[Result "1-0"]
[WhiteElo "2076"]
[BlackElo "1946"]
[PlyCount "77"]
[EventDate "2007.11.16"]

1. d4 d5 2. Nf3 Nf6 3. c4 e6 4. Nc3 Be7 5. cxd5 exd5 6. Bg5 c6 7. e3 O-O 8. Qc2
g6 9. Bd3 Nh5 10. Bxe7 Qxe7 11. O-O Ng7 12. Rab1 a5 13. a3 Bf5 14. b4 Bxd3 15.
Qxd3 axb4 16. axb4 b5 17. Rfc1 Nd7 18. e4 dxe4 19. Nxe4 Ra6 20. d5 Rc8 21. d6
Qd8 22. Nc5 Ra7 23. Re1 Nxc5 24. bxc5 Ne6 25. Rbd1 Ra4 26. d7 Rc7 27. Qd6 Ra8
28. Rxe6 fxe6 29. Qxe6+ Kf8 30. Qd6+ Kg8 31. Ne5 Raa7 32. Qe6+ Kg7 33. Qf7+ Kh6
34. h3 Rxd7 35. Rxd7 Rxd7 36. Nxd7 Qg5 37. f4 Qg3 38. Qf8+ Kh5 39. Nf6+ 1-0

[Event "II Weekend Hotel Corallo A"]
[Site "Imperia ITA"]
[Date "2007.11.17"]
[Round "2"]
[White "De Florio, Federico"]
[Black "De Santis, Alessio"]
[Result "1-0"]
[WhiteElo "2042"]
[BlackElo "2367"]
[PlyCount "150"]
[EventDate "2007.11.16"]

1. d4 d6 2. Nf3 f5 3. c4 Nf6 4. Nc3 g6 5. Qc2 Bg7 6. Bg5 Nbd7 7. Rd1 O-O 8. e3
c6 9. Be2 Qe8 10. O-O h6 11. Bh4 g5 12. Bg3 Nh5 13. Bd3 Qf7 14. Ne2 e5 15. dxe5
dxe5 16. c5 Kh8 17. h3 Nxg3 18. Nxg3 e4 19. Bc4 Qe8 20. Nd4 Nxc5 21. b4 Bxd4
22. Rxd4 Nd7 23. Rd6 Nf6 24. Qc3 Qe7 25. Rfd1 Kh7 26. Qd4 f4 27. Ne2 fxe3 28.
fxe3 Bf5 29. Qc5 Bc8 30. Rf1 Bd7 31. Rdxf6 Qxc5 32. Rf7+ Rxf7 33. Rxf7+ Kg6 34.
bxc5 Rd8 35. Nd4 b5 36. Bb3 a5 37. Re7 Kf6 38. Nxc6 Bxc6 39. Re6+ Kg7 40. Rxc6
a4 41. Be6 Rd1+ 42. Kh2 Re1 43. Rb6 Rxe3 44. Rxb5 Rc3 45. Bd7 e3 46. c6 Kf6 47.
Rf5+ Ke7 48. Re5+ Kd6 49. Re8 Ra3 50. Kg1 Rxa2 51. Rxe3 a3 52. Rc3 Ra1+ 53. Kh2
Kc7 54. Be6 a2 55. Ra3 Kxc6 56. Rxa2 Re1 57. Bg4 Kb5 58. Re2 Rc1 59. Re6 Rc5
60. Rxh6 Kc4 61. Rf6 Kd4 62. Rf5 Rc1 63. Rxg5 Ke4 64. Bf3+ Kf4 65. Rg8 Ra1 66.
h4 Ra6 67. h5 Kf5 68. Kh3 Rh6 69. Kh4 Kf4 70. Rf8+ Ke5 71. g4 Ra6 72. g5 Ra4+
73. Bg4 Kd6 74. g6 Ke7 75. g7 Ra6 1-0

[Event "II Weekend Hotel Corallo A"]
[Site "Imperia ITA"]
[Date "2007.11.17"]
[Round "2"]
[White "Faraci, Antonino"]
[Black "Biancotti, Alessandro"]
[Result "1-0"]
[WhiteElo "2051"]
[BlackElo "1828"]
[PlyCount "53"]
[EventDate "2007.11.16"]

1. Nf3 c5 2. b3 d5 3. Bb2 Nc6 4. e3 Bg4 5. d4 cxd4 6. exd4 Nf6 7. Bd3 e6 8. O-O
Bd6 9. Nbd2 O-O 10. h3 Bh5 11. g4 Bg6 12. Bxg6 hxg6 13. Ne5 Nd7 14. Ndf3 Ndxe5
15. dxe5 Bc5 16. a3 a5 17. Qd3 Ne7 18. Kg2 f5 19. Ng5 Qb6 20. f4 fxg4 21. hxg4
Be3 22. Bc1 d4 23. Rf3 Nd5 24. Bxe3 Nxe3+ 25. Kg3 Qc6 26. Qxg6 Qxc2 27. Qxe6+
1-0

[Event "II Weekend Hotel Corallo A"]
[Site "Imperia ITA"]
[Date "2007.11.17"]
[Round "2"]
[White "Montani, Riccardo"]
[Black "Roversi, Stefano"]
[Result "0-1"]
[WhiteElo "1767"]
[BlackElo "1885"]
[PlyCount "48"]
[EventDate "2007.11.16"]

1. e4 c5 2. Nf3 Nc6 3. d4 cxd4 4. Nxd4 a6 5. Nc3 e6 6. Be3 Nge7 7. Bd3 Nxd4 8.
Bxd4 Nc6 9. Be3 b5 10. a3 Bb7 11. f4 Be7 12. O-O Rc8 13. Qg4 O-O 14. e5 Na5 15.
f5 exf5 16. Bxf5 Nc4 17. Bh6 Qb6+ 18. Kh1 Qxh6 19. Qf4 Qxf4 20. Rxf4 Nxe5 21.
Re1 Bf6 22. Re3 Rfe8 23. Rg3 Ng6 24. Rfg4 Re1# 0-1

[Event "II Weekend Hotel Corallo A"]
[Site "Imperia ITA"]
[Date "2007.11.17"]
[Round "2"]
[White "Moschetto, Giuliano"]
[Black "Finocchiaro, Gianluca"]
[Result "0-1"]
[WhiteElo "1678"]
[BlackElo "1973"]
[PlyCount "22"]
[EventDate "2007.11.16"]

1. c4 g6 2. g3 Bg7 3. Bg2 d6 4. Nf3 e5 5. e4 Nc6 6. d3 Nge7 7. O-O O-O 8. a3 f5
9. b4 fxe4 10. dxe4 Bg4 11. Qb3 Bxf3 0-1

[Event "II Weekend Hotel Corallo A"]
[Site "Imperia ITA"]
[Date "2007.11.17"]
[Round "2"]
[White "Pesce, Leandro"]
[Black "Garnero, Lorenzo"]
[Result "1-0"]
[WhiteElo "1715"]
[BlackElo "1871"]
[PlyCount "57"]
[EventDate "2007.11.16"]

1. e4 e5 2. Nf3 Nf6 3. Nxe5 d6 4. Nf3 Nxe4 5. Nc3 Nxc3 6. dxc3 Be7 7. Bf4 Bg4
8. Be2 Nd7 9. Qd2 O-O 10. O-O-O Nc5 11. Bd3 Ne6 12. Be3 h6 13. h3 Bh5 14. g4
Bg6 15. h4 Bxd3 16. cxd3 Qd7 17. Rdg1 Qa4 18. Kb1 f5 19. gxf5 Rxf5 20. Nd4 Nxd4
21. Bxd4 g5 22. Qe2 Qe8 23. Qe6+ Qf7 24. Qxh6 Bf6 25. Rxg5+ Rxg5 26. hxg5 Bxd4
27. cxd4 Qg7 28. Qe6+ Kf8 29. Rh6 1-0

[Event "II Weekend Hotel Corallo A"]
[Site "Imperia ITA"]
[Date "2007.11.17"]
[Round "2"]
[White "Poletti, Fausto"]
[Black "Arata, Roberto Mario"]
[Result "0-1"]
[WhiteElo "1968"]
[BlackElo "2147"]
[PlyCount "92"]
[EventDate "2007.11.16"]

1. c4 c6 2. d4 d5 3. b3 dxc4 4. bxc4 e5 5. e3 Nf6 6. Nf3 e4 7. Nfd2 Bd6 8. Be2
O-O 9. Nc3 Re8 10. Rb1 Qa5 11. Qc2 Qg5 12. g3 Qg6 13. Rb3 a5 14. a4 Na6 15. c5
Nb4 16. Qb1 Bf8 17. Ba3 Nd3+ 18. Bxd3 exd3 19. Nd1 Bf5 20. Rxb7 Ne4 21. Bc1
Nxd2 22. Bxd2 Qg4 23. Nc3 Qxd4 24. O-O Qxc5 25. Rc1 Qd6 26. Qb2 Bg4 27. Qb3 Qf6
28. Qc4 Bf3 29. Qf4 Qxf4 30. exf4 Bb4 31. Nb1 c5 32. Rd7 Bc6 33. Rxd3 Be4 34.
Rd7 Rad8 35. Rxd8 Rxd8 36. Bc3 Bc6 37. Bxb4 axb4 38. a5 c4 39. f3 Bb5 40. Kf2
Kf8 41. Ke1 Rd3 42. Nd2 Re3+ 43. Kf2 Rc3 44. Ra1 Ra3 45. Rxa3 bxa3 46. Nb1 a2
0-1

[Event "II Weekend Hotel Corallo A"]
[Site "Imperia ITA"]
[Date "2007.11.17"]
[Round "2"]
[White "Salerno, Luciano"]
[Black "Pugliese, Giuseppe"]
[Result "1/2-1/2"]
[WhiteElo "1679"]
[BlackElo "1830"]
[PlyCount "51"]
[EventDate "2007.11.16"]

1. d4 d5 2. c4 e6 3. Nc3 Nf6 4. cxd5 Nxd5 5. e4 Nxc3 6. bxc3 Be7 7. Bd3 c5 8.
e5 cxd4 9. cxd4 Bb4+ 10. Kf1 Nc6 11. Nf3 h6 12. g4 Be7 13. h4 a6 14. g5 hxg5
15. Rg1 g6 16. Nxg5 Rxh4 17. Qf3 Nxd4 18. Qxf7+ Kd7 19. Bc4 Kc6 20. Nxe6 Nxe6
21. Bxe6 Qd1+ 22. Kg2 Rg4+ 23. Bxg4 Qxg4+ 24. Kf1 Qd1+ 25. Kg2 Qg4+ 26. Kf1
1/2-1/2

[Event "II Weekend Hotel Corallo A"]
[Site "Imperia ITA"]
[Date "2007.11.17"]
[Round "2"]
[White "Stoppa, Omar"]
[Black "Pesce, Gabriele"]
[Result "1-0"]
[WhiteElo "2240"]
[BlackElo "2035"]
[PlyCount "74"]
[EventDate "2007.11.16"]

1. e4 c5 2. Nf3 Nc6 3. d4 cxd4 4. c3 dxc3 5. Nxc3 e6 6. Bf4 d6 7. Bc4 Be7 8.
O-O e5 9. Be3 Nf6 10. h3 O-O 11. Qe2 Be6 12. Rfd1 Qa5 13. Bxe6 fxe6 14. Qc4 d5
15. exd5 exd5 16. Nxd5 Nxd5 17. Rxd5 Qb4 18. Qxb4 Nxb4 19. Rd7 Rfe8 20. Rxb7
Nc2 21. Rc1 Nxe3 22. fxe3 Rab8 23. Rxb8 Rxb8 24. b3 Bb4 25. Rc4 a5 26. Nxe5 Rd8
27. Nf3 Rd1+ 28. Kf2 Kf7 29. e4 Ra1 30. Rc2 Ke6 31. Ke3 Kd6 32. Kd4 Rd1+ 33.
Kc4 Kc6 34. Ne5+ Kb6 35. Nd3 Bd2 36. Nb2 Rc1 37. Rxc1 Bxc1 1-0

[Event "II Weekend Hotel Corallo A"]
[Site "Imperia ITA"]
[Date "2007.11.17"]
[Round "2"]
[White "Tortorella, Giancarlo"]
[Black "Lanzillotta, Daniele"]
[Result "1/2-1/2"]
[WhiteElo "1896"]
[BlackElo "1736"]
[PlyCount "70"]
[EventDate "2007.11.16"]

1. e4 c5 2. Nf3 Nc6 3. d4 cxd4 4. c3 d3 5. c4 g6 6. Bxd3 Bg7 7. O-O d6 8. h3
Nf6 9. Nc3 O-O 10. Be3 Nd7 11. Rb1 Nde5 12. Nxe5 Nxe5 13. f4 Nxd3 14. Qxd3 Bd7
15. c5 dxc5 16. Bxc5 Bc6 17. Qe2 Qc7 18. Rbc1 Rfe8 19. Be3 Qa5 20. a3 Bxc3 21.
Rxc3 Bb5 22. Qf2 Bxf1 23. Qxf1 Rac8 24. Rb3 Qa4 25. Rb4 Qc6 26. Bxa7 Red8 27.
Be3 Qa6 28. Qb5 Qxb5 29. Rxb5 Rd1+ 30. Kh2 Rd3 31. Bc5 Rc7 32. a4 Rd2 33. a5
Rcd7 34. Bb4 f6 35. Bxd2 Rxd2 1/2-1/2

[Event "II Weekend Hotel Corallo A"]
[Site "Imperia ITA"]
[Date "2007.11.17"]
[Round "3"]
[White "Arata, Roberto Mario"]
[Black "De Florio, Federico"]
[Result "1-0"]
[WhiteElo "2147"]
[BlackElo "2042"]
[PlyCount "49"]
[EventDate "2007.11.16"]

1. d4 d5 2. c4 e6 3. Nc3 Nf6 4. Nf3 Nbd7 5. Qb3 c6 6. cxd5 exd5 7. e4 Nb6 8. e5
Ne4 9. Bd3 Nxc3 10. bxc3 Be7 11. a4 a5 12. Rb1 Nd7 13. O-O O-O 14. c4 dxc4 15.
Bxc4 b5 16. Bxf7+ Kh8 17. e6 Nf6 18. Ne5 Bb7 19. Qh3 h5 20. Ng6+ Kh7 21. Qf5
Rxf7 22. exf7 Bc8 23. Nf8+ Kh8 24. Qh7+ Nxh7 25. Ng6# 1-0

[Event "II Weekend Hotel Corallo A"]
[Site "Imperia ITA"]
[Date "2007.11.17"]
[Round "3"]
[White "Badano, Fabio"]
[Black "Poletti, Fausto"]
[Result "1-0"]
[WhiteElo "1787"]
[BlackElo "1968"]
[PlyCount "33"]
[EventDate "2007.11.16"]

1. e4 c6 2. d4 d5 3. e5 Bf5 4. Nc3 e6 5. g4 Bg6 6. Nge2 Nd7 7. h4 h6 8. Nf4 Bh7
9. Bg2 Be7 10. Qe2 Bxh4 11. Nh5 Kf8 12. Rh3 Be7 13. Be3 Rc8 14. Rf3 Qe8 15.
O-O-O c5 16. Nf4 cxd4 17. Nxe6# 1-0

[Event "II Weekend Hotel Corallo A"]
[Site "Imperia ITA"]
[Date "2007.11.17"]
[Round "3"]
[White "Biancotti, Alessandro"]
[Black "Ricca, Giorgio"]
[Result "0-1"]
[WhiteElo "1828"]
[BlackElo "2030"]
[PlyCount "55"]
[EventDate "2007.11.16"]

1. e4 e5 2. Nf3 Nf6 3. Nxe5 d6 4. Nf3 Nxe4 5. d4 d5 6. Bd3 Be7 7. O-O Nc6 8.
Re1 Bg4 9. c3 f5 10. Nbd2 O-O 11. Qb3 Na5 12. Qc2 c5 13. Ne5 Bh5 14. f3 cxd4
15. fxe4 fxe4 16. Nxe4 dxe4 17. Bxe4 Bc5 18. Bxh7+ Kh8 19. b4 d3+ 20. bxc5 dxc2
21. Bxc2 Qd5 22. Ba3 Nc6 23. Bb3 Qd2 24. Nc4 Qf2+ 25. Kh1 Rae8 26. Rg1 Re4 27.
Nd6 Rh4 28. h3 0-1

[Event "II Weekend Hotel Corallo A"]
[Site "Imperia ITA"]
[Date "2007.11.17"]
[Round "3"]
[White "Christen, Peter Walter"]
[Black "Montani, Riccardo"]
[Result "0-1"]
[WhiteElo "1400"]
[BlackElo "1767"]
[PlyCount "56"]
[EventDate "2007.11.16"]

1. e4 c5 2. Na3 Nc6 3. Bb5 e6 4. c3 Nge7 5. f4 d5 6. exd5 exd5 7. Nf3 a6 8.
Bxc6+ Nxc6 9. O-O Bd6 10. Re1+ Ne7 11. d3 O-O 12. Nc2 Qc7 13. g3 b6 14. Kg2 Bb7
15. d4 Ng6 16. Be3 h5 17. Ng5 h4 18. gxh4 Nxf4+ 19. Bxf4 Bxf4 20. Qh5 Bxg5 21.
hxg5 Qf4 22. Re2 Bc8 23. h3 Bf5 24. Rf2 Be4+ 25. Kf1 Bd3+ 26. Kg1 Qc7 27. Ne3
Qg3+ 28. Rg2 Qxe3+ 0-1

[Event "II Weekend Hotel Corallo A"]
[Site "Imperia ITA"]
[Date "2007.11.17"]
[Round "3"]
[White "Faraci, Antonino"]
[Black "Stoppa, Omar"]
[Result "0-1"]
[WhiteElo "2051"]
[BlackElo "2240"]
[PlyCount "84"]
[EventDate "2007.11.16"]

1. Nf3 c5 2. b3 Nc6 3. Bb2 Nf6 4. e3 d6 5. d4 cxd4 6. exd4 Bf5 7. a3 Rc8 8. Bd3
Bxd3 9. Qxd3 e6 10. Nbd2 Qd7 11. c4 Ne7 12. O-O Ng6 13. Rae1 Be7 14. Ne4 O-O
15. Ng3 a6 16. Nd2 d5 17. f4 Bd6 18. Ne2 dxc4 19. bxc4 b5 20. Rf3 bxc4 21. Nxc4
Nd5 22. g3 Nge7 23. Ne5 Qb5 24. Qxb5 axb5 25. Rb3 b4 26. axb4 Bxb4 27. Rb1 Rc2
28. Nc1 h5 29. Nf3 Rfc8 30. Nd3 Bd2 31. Ba3 Be3+ 32. Kh1 Nf5 33. Bc5 f6 34. Rb8
Rxb8 35. Rxb8+ Kh7 36. Rb7 Rc3 37. Nb4 Bxf4 38. Nxd5 exd5 39. Kg2 Bh6 40. Nh4
Rc2+ 41. Kh3 Nxh4 42. gxh4 Bf4 0-1

[Event "II Weekend Hotel Corallo A"]
[Site "Imperia ITA"]
[Date "2007.11.17"]
[Round "3"]
[White "Pesce, Gabriele"]
[Black "Cardona, Paolo"]
[Result "1-0"]
[WhiteElo "2035"]
[BlackElo "1857"]
[PlyCount "35"]
[EventDate "2007.11.16"]

1. e4 e5 2. f4 d5 3. exd5 Qxd5 4. Nc3 Qe6 5. fxe5 Qxe5+ 6. Qe2 Qe6 7. Nf3 Be7
8. Qxe6 Bxe6 9. d4 c6 10. Ng5 Bf5 11. Bc4 Bxg5 12. Bxg5 Bxc2 13. O-O Bg6 14.
Rae1+ Kd7 15. Bxf7 Na6 16. Bxg6 hxg6 17. Rf7+ Kd6 18. Bf4# 1-0

[Event "II Weekend Hotel Corallo A"]
[Site "Imperia ITA"]
[Date "2007.11.17"]
[Round "3"]
[White "Ruggeri, Claudio"]
[Black "Colombo, Luca"]
[Result "1-0"]
[WhiteElo "1703"]
[BlackElo "1791"]
[PlyCount "55"]
[EventDate "2007.11.16"]

1. d4 Nf6 2. c4 g6 3. Nc3 Bg7 4. Nf3 d6 5. e3 O-O 6. Bd3 Nbd7 7. O-O c5 8. Re1
b6 9. Rb1 Bb7 10. d5 e6 11. e4 exd5 12. exd5 a6 13. Bg5 h6 14. Bf4 Qc7 15. Qc2
Ng4 16. Re7 g5 17. Bxg5 hxg5 18. Bf5 Ngf6 19. Nxg5 Rfe8 20. Rxd7 Nxd7 21. Bxd7
f5 22. Bxe8 Rxe8 23. Qxf5 Bc8 24. Qh7+ Kf8 25. Nce4 Qe7 26. h4 Qe5 27. Qg6 Qf5
28. Qxe8+ 1-0

[Event "II Weekend Hotel Corallo A"]
[Site "Imperia ITA"]
[Date "2007.11.17"]
[Round "3"]
[White "Tortorella, Giancarlo"]
[Black "Salerno, Luciano"]
[Result "1/2-1/2"]
[WhiteElo "1896"]
[BlackElo "1679"]
[PlyCount "68"]
[EventDate "2007.11.16"]

1. e4 c6 2. d4 d5 3. exd5 cxd5 4. c4 Nf6 5. Nc3 Nc6 6. Nf3 Bg4 7. Be3 e6 8. c5
e5 9. dxe5 Nxe5 10. Qa4+ Bd7 11. Qf4 Nxf3+ 12. gxf3 b6 13. Qe5+ Be6 14. Bb5+
Nd7 15. Nxd5 Rc8 16. cxb6 axb6 17. Bxb6 Bb4+ 18. Kf1 O-O 19. Bxd7 Qxd7 20. Nf6+
gxf6 21. Rg1+ Bg4 22. Qe4 Qb5+ 23. Qe2 Qxb6 24. Rxg4+ Kh8 25. Qe4 Qb5+ 26. Kg2
Rg8 27. Rd1 Rc4 28. Rxg8+ Kxg8 29. Qa8+ Kg7 30. Rg1 Qg5+ 31. Kh1 Rc1 32. Rxc1
Qxc1+ 33. Kg2 Qg5+ 34. Kf1 Qc1+ 1/2-1/2

[Event "II Weekend Hotel Corallo A"]
[Site "Imperia ITA"]
[Date "2007.11.17"]
[Round "3"]
[White "Van Hoolandt, Patrick"]
[Black "Annoni, Riccardo"]
[Result "1/2-1/2"]
[WhiteElo "2245"]
[BlackElo "2076"]
[PlyCount "92"]
[EventDate "2007.11.16"]

1. d4 d5 2. c4 dxc4 3. e4 Nf6 4. e5 Nd5 5. Bxc4 Nb6 6. Bb3 Nc6 7. Be3 Bf5 8.
Ne2 e6 9. Nbc3 Qd7 10. O-O O-O-O 11. a3 h5 12. Rc1 h4 13. h3 f6 14. Na4 Nd5 15.
Nc5 Bxc5 16. Rxc5 Nce7 17. Ba4 c6 18. b4 Kb8 19. b5 Rc8 20. Qb3 Ka8 21. Rfc1
cxb5 22. Bxb5 Qd8 23. Rxc8+ Nxc8 24. Nf4 Nxf4 25. Bxf4 Qxd4 26. Be3 Qxe5 27.
Qa4 Qb8 28. Bd7 Nd6 29. Qb3 e5 30. Ba4 Rc8 31. Rxc8 Qxc8 32. Qb4 Qc7 33. Qxh4
Qd8 34. Qb4 g5 35. Bb3 Qc7 36. Qa4 Nc8 37. Bd5 Bd7 38. Qb4 Bc6 39. Be6 Ne7 40.
a4 Nc8 41. a5 Qd6 42. Qb3 Ne7 43. a6 Nd5 44. axb7+ Bxb7 45. Bxd5 Bxd5 46. Qa4
Qe7 1/2-1/2

[Event "II Weekend Hotel Corallo A"]
[Site "Imperia ITA"]
[Date "2007.11.18"]
[Round "4"]
[White "Aglietti, Graziano"]
[Black "Roversi, Stefano"]
[Result "1-0"]
[WhiteElo "1999"]
[BlackElo "1885"]
[PlyCount "55"]
[EventDate "2007.11.16"]

1. e4 c5 2. d4 cxd4 3. c3 dxc3 4. Nxc3 Nc6 5. Nf3 d6 6. Bc4 Nf6 7. e5 Ng4 8. e6
Bxe6 9. Bxe6 fxe6 10. Ng5 Nf6 11. Nxe6 Qa5 12. O-O Kd7 13. Re1 Rc8 14. Bg5 h6
15. Bxf6 gxf6 16. Qg4 f5 17. Qf3 h5 18. Rad1 Ne5 19. Qxf5 Ke8 20. Nxf8 Rxc3 21.
bxc3 Rxf8 22. Qxh5+ Rf7 23. f4 Qb6+ 24. Kh1 Nc4 25. Rd4 Qc6 26. Rde4 e5 27.
fxe5 dxe5 28. Rxe5+ 1-0